000
00312nam a22001337a 4500
008
170829b xxu||||| |||| 00| 0 eng d
020
_a
9780803946293
041
_a
eng
080
_2
2nd
_a
070
100
_a
39
101
_a
MED
245
_a
RACE, MULTICULTURALISM, AND THE MEDIA
_c
WILSON,C.C
942
_2
udc
_c
BK
999
_c
25225
_d
25225